Kylian Mbappe: les meilleures citations - Statistiques

Statistiques générales
  • Ce quiz a été pris 969 fois
  • Le résultat moyen est 5 sur 7
Statistiques - réponses
Hint Réponse % Correct
Le .... il a changé Football
99%
Ah là, on est ..... Bien
96%
Si tu es bon, tu es sur le terrain, tu assumes, si tu n'es pas bon, tu te tais et tu restes sur le banc et tu regardes les autres, moi, tu ne me parles pas d'...., Age
95%
Vous pensez? .... Moi je pense pas
88%
- Quand elle part bien comme ça- Coup de pied quoi? - Ouais il va .... Pas la chercher
77%
En match, ça aboutit, et en plus, au bout de sept secondes comme ça, ça ....l'adversaire Tue
72%
Sometimes in the life I am too competitive
16%
Aucun quiz correspondant
Distribution des résultats
% des personnes avec chaque résultat
Percentile par nombre de réponses
Votre historique - résultats
Vous n’avez pas pris ce quiz